India who's who 2008-2009 (Record no. 15355)
[ view plain ]
| 000 -LEADER | |
|---|---|
| fixed length control field | 00424nam a2200157Ia 4500 |
| 082 ## - DEWEY DECIMAL CLASSIFICATION NUMBER | |
| Classification number | RR 920.054 IND- |
| 245 #0 - TITLE STATEMENT | |
| Title | India who's who 2008-2009 |
| 250 ## - EDITION STATEMENT | |
| Edition statement | 30th ed. |
| 260 ## - PUBLICATION, DISTRIBUTION, ETC. (IMPRINT) | |
| Place of publication | New Delhi |
| Name of publisher | INFA Publications |
| Year of publication | 2009 |
| 300 ## - PHYSICAL DESCRIPTION | |
| Number of Pages | xxviii, 198 |
| 650 ## - SUBJECT ADDED ENTRY--TOPICAL TERM | |
| Topical Term | India |
| Form subdivision | Biography |
| Geographic subdivision | 2008-2009 |
| 650 ## - SUBJECT ADDED ENTRY--TOPICAL TERM | |
| Topical Term | Celebrities |
| Form subdivision | Biography |
| Geographic subdivision | 2008-2009 |
| 650 ## - SUBJECT ADDED ENTRY--TOPICAL TERM | |
| Topical Term | Biography |
| Form subdivision | Directories |
| Geographic subdivision | 2008-2009 |
| 700 ## - ADDED ENTRY--PERSONAL NAME | |
| Personal name | Inder Jit |
| 942 ## - ADDED ENTRY ELEMENTS (KOHA) | |
| Koha item type | Books |
| Withdrawn status | Lost status | Damaged status | Not for loan | Home library | Current library | Date acquired | Source of acquisition | Bill Date | Full call number | Accession Number | Price effective from | Koha item type |
|---|---|---|---|---|---|---|---|---|---|---|---|---|
| NASSDOC Library | NASSDOC Library | 13/04/2009 | BATRA | 2009-03-26 | RR 920.054 IND- | 45402 | 18/04/2019 | Books |
